| 000 | 01018nam a2200253 a 4500 | ||
|---|---|---|---|
| 999 |
_c1546 _d1546 |
||
| 007 | ta | ||
| 008 | 120719s1976 xxka g i000 0 eng d | ||
| 020 | _a9280110535 | ||
| 040 |
_aKO _beng |
||
| 041 | 0 | _aeng | |
| 044 | _axxk | ||
| 082 | 0 | 4 |
_223 _a628.16833 _bIn858 |
| 110 | 2 | _aIntergovernmental Maritime Consultative Organization | |
| 245 | 1 | 0 |
_aManual on Oil Pollution. _nSection I, _pPrevention : October 1976 / _cIntergovernmental Maritime Consultative Organization |
| 260 |
_aLondon : _bIntergovernmental Maritime Consultative Organization. _c1976 |
||
| 300 |
_a27 p. : _bcol. ill. ; _c21 cm. |
||
| 505 | 0 | _aSection 1. Prevention.--Section 2. Contingency planning.--Section 3. Salvage.--Section [4] Practical information on means of dealing with oil spillages. | |
| 650 | 0 |
_aOil pollution of the sea _xPrevention _vHandbooks, manuals, etc. |
|
| 650 | 0 |
_aOil pollution of rivers, harbors, etc. _xPrevention _vHandbooks, manuals, etc. |
|
| 904 | _aRUDRA_R | ||
| 905 | _aR_RANJAN | ||
| 942 |
_2ddc _cBK |
||